Podpora energetických inovácií z európskeho programu Horizont 2020

Horizont 2020 ako najväčší výskumný a inovačný program EÚ. Spoločné partnerstvá pre energetické inovačné projekty. Hlavná priorita - bezpečná, čistá a efektívna energia. Granty pre inovatívne malé a stredné podniky. Inovačné projekty pre spoluprácu malých a veľkých firiem. Národné kontaktné body (na...

Description complète

Enregistré dans:
Détails bibliographiques
Auteur principal: Filus, Ivan
Format: Chapitre de livre
Langue:slovaque
Sujets:
Tags: Ajouter un tag
Pas de tags, Soyez le premier à ajouter un tag!

MARC

LEADER 00000naa a2200000 4500
001 0247932
005 20180927133655.7
041 0 |a slo 
044 |a CZ 
245 1 0 |a Podpora energetických inovácií z európskeho programu Horizont 2020  |c Ivan Filus 
520 |a Horizont 2020 ako najväčší výskumný a inovačný program EÚ. Spoločné partnerstvá pre energetické inovačné projekty. Hlavná priorita - bezpečná, čistá a efektívna energia. Granty pre inovatívne malé a stredné podniky. Inovačné projekty pre spoluprácu malých a veľkých firiem. Národné kontaktné body (na Slovensku a v Čechách), ktoré poskytujú informácie týkajúce sa programu Horizont 2020. 
610 2 0 |a projekty 
610 2 0 |a spolupráca hospodárska medzinárodná 
610 2 0 |a financie 
610 2 0 |a financovanie 
610 2 0 |a energetika 
610 2 0 |a veda 
610 2 0 |a výskum 
610 2 0 |a inovácia 
610 2 0 |a partnerstvo verejno-súkromné 
610 2 0 |a podnik malý 
610 2 0 |a podnik stredný 
610 2 0 |a Európska únia 
610 2 0 |a Slovensko 
610 2 0 |a Česko 
100 1 |a Filus, Ivan